000 04412nam a2200481 a 4500
001 81961
003 BD-RjUL
005 20230920153624.0
008 230920s2018 gw |||| o |||| 0|eng
020 _a9783319976259
035 _a(BD-RjUL)81961
040 _aDLC
_beng
_epn
_erda
_cDLC
_dBD-RjUL
041 _aeng
082 0 4 _223
_a620.11223
_bPEC 2018
100 1 _aPedeferri, Pietro.
_eauthor.
_99111
245 1 0 _aCorrosion Science and Engineering /
_cby Pietro Pedeferri.
250 _a1st ed. 2018.
264 1 _aCham :
_bSpringer International Publishing :
_bImprint: Springer,
_c2018.
300 _aXXIX, 720 pages :
_billustrations;
_c24 cm
336 _atext
_btxt
_2rdacontent
337 _acomputer
_bc
_2rdamedia
338 _aonline resource
_bcr
_2rdacarrier
347 _atext file
_bPDF
_2rda
490 1 _aEngineering Materials,
505 0 _aGeneral principles of corrosion -- Electrochemical mechanism -- Thermodynamics of aqueous corrosion -- Pourbaix diagrams -- Kinetics of aqueous corrosion -- Evans Diagrams -- Corrosion factors -- Uniform Corrosion in Acidic and Aerated Solutions -- Macrocell corrosion mechanism -- Galvanic corrosion -- Pitting corrosion -- Crevice Corrosion -- Stress Corrosion Cracking and Corrosion-Fatigue -- Hydrogen-Induced Damage -- Intergranular and Selective Corrosion -- Erosion-Corrosion and Fretting -- Corrosion prevention by coatings -- Environmental Control -- Cathodic and anodic protection -- Corrosion in waters -- Corrosion in soil -- Atmospheric corrosion -- Corrosion in concrete -- Corrosion in petrochemical plant -- Corrosion in the human body -- High temperature corrosion -- Prevention of corrosion in design -- Monitoring and inspections -- Testing -- Statistical analysis of corrosion data.
520 _aThis textbook discusses the latest advances in the corrosion of metals and related protection methods, and explores all corrosion-related aspects used in natural and industrial environments, including monitoring and testing. Throughout the textbook, the science and engineering of corrosion are merged to help readers perform correct corrosion assessments in both the design phase and plant management phase, and to define the optimal protection technique. In addition, the book addresses basic aspects of corrosion science, including the electrochemical mechanism, thermodynamic and kinetic aspects, the use of Pourbaix and Evans diagrams, and various forms of corrosion (from uniform to localised to stress corrosion phenomena); as well as the protection systems adopted to combat corrosion, including inhibitors, coatings and cathodic protection. Such basic knowledge is fundamental to understanding the "corrosion engineering" approach applied to the durability of metals immersed in water, buried in soil, exposed to the atmosphere, used in reinforced concrete, in the human body and in petrochemical plants, or at risk of high-temperature corrosion. A final chapter is dedicated to the use of statistics in corrosion. All chapters include exercises and practical examples to help students understand, predict, evaluate and mitigate corrosion problems. As such, the book offers the ideal learning resource for all students of corrosion courses in chemical, mechanical, energy and materials engineering at the graduate and advanced undergraduate level, as well as a valuable reference guide for engineers whose work involves real-world applications.
588 _aDescription based on publisher-supplied MARC data.
650 0 _aCorrosion and anti-corrosives.
_99112
650 0 _aCoatings.
_99113
650 0 _aElectrochemistry.
650 0 _aEngineering-Materials.
_99114
650 0 _aTribology.
_99115
650 1 4 _aTribology, Corrosion and Coatings.
_0https://scigraph.springernature.com/ontologies/product-market-codes/Z15000
_99116
650 2 4 _aElectrochemistry.
_0https://scigraph.springernature.com/ontologies/product-market-codes/C21010
650 2 4 _aMaterials Engineering.
_0https://scigraph.springernature.com/ontologies/product-market-codes/T28000
_99117
776 0 8 _iPrint version:
_tCorrosion science and engineering.
_z9783319976242
_w(DLC) 2018950812
776 0 8 _iPrinted edition:
_z9783030073800
776 0 8 _iPrinted edition:
_z9783319976242
776 0 8 _iPrinted edition:
_z9783319976266
830 0 _aEngineering Materials,
_99118
942 _2ddc
_cBK
999 _c81961
_d81961